000 01100cac a2200277 a 4500
003 Co-PeBPM
005 20260316133929.0
007 ta
008 231129s2010||||ck |||||||||||||| ||spa||
020 _a9789588427485
040 _aCo-PeBPM
_bspa
_cCo-PeBPM
_erda
041 _aspa
082 0 4 _a303.6 D469
_222
100 1 _aChurruca, Cristina
_eautora
245 1 0 _aDesplazamiento en Colombia
_b: prevenir asistir transformar : cooperación internacional e iniciativas locales
_c/ Cristina churruca
250 _aPrimera Edición
264 _aMedellín, Colombia
_bLa Carreta Editores
_c, 2010
300 _a305 Páginas
_c; 24 centímetros
500 _aInlcuye índice, refrencias bibliografícas
650 1 4 _a Conflicto armado colombiano
_2LEMB
650 1 4 _aDesplazados por la violencia -- Aspectos sociales -- Política gubernamental
_2LEMB
650 1 4 _aDesplazamiento forzado -- Prevención -- Cooperación internacional
_2LEMB
650 1 4 _aMujeres -- Aspectos sociales -- Colombia
_2LEMB
700 _aDonny Meertens
_ecompiladora
942 _2ddc
_cBK
999 _c9129
_d9129